Normal view
MARC view
Entry Personal Name
001 - CONTROL NUMBER
- control field: 1007
003 - CONTROL NUMBER IDENTIFIER
- control field: BD-RjUL
005 - DATE AND TIME OF LATEST TRANSACTION
- control field: 20220131110450.0
008 - FIXED-LENGTH DATA ELEMENTS
- fixed length control field: 220131|| aca||aabn | a|a d
040 ## - CATALOGING SOURCE
- Original cataloging agency: BD-RjUL
- Transcribing agency: BD-RjUL
100 ## - HEADING--PERSONAL NAME
- Personal name: তাহের, আবু, গবেষণা - তত্ত্বাবধায়ক
670 ## - SOURCE DATA FOUND
- Source citation: Work cat.: (BD-RjUL)79286: সুতার, সুভাস চন্দ্র 1004, বাংলাদেশের পাঠ্যপুুস্তকেের অলন্করণ ও অঙ্গসজ্জা (১৯৯৭১ -২০০৬) /, ২০১১